| 000 | 00889nam a2200265 i 4500 | ||
|---|---|---|---|
| 001 | 26499 | ||
| 003 | BD-RjUL | ||
| 005 | 20211209051027.0 | ||
| 008 | 140322r19851979ja a 00000 eng d | ||
| 020 | _z0870013844 : | ||
| 020 | _a0870119044 (pbk.) | ||
| 035 | _a(BD-RjUL) 26569 | ||
| 040 |
_dVMOU _aBD-RjUL _beng _cBD-RjUL |
||
| 041 | _aeng | ||
| 082 | 0 | 0 |
_a952.191 _bPLI 1985 |
| 100 | 1 |
_aPlutschow, Herbert E., _981504 |
|
| 245 | 0 | 0 |
_aIntroducing Kyoto / _ctext, Herbert E. Plutschow ; foreword, Donald Keene. |
| 250 | _a1st ed. | ||
| 260 |
_aTokyo : _bKodansha International ; _aNew York : _bdistributed in the United States through Harper & Row, _c1979. [Printed 1985] |
||
| 300 |
_a72 p. : _bill. ; _c31 cm. |
||
| 651 | 0 |
_aKyoto (Japan) _xDescription and travel. _981505 |
|
| 710 | 2 |
_aKodansha Intanashonaru Kabushiki Kaisha. _981506 |
|
| 942 |
_2ddc _cBK |
||
| 999 |
_c26499 _d26499 |
||